Matematika 1 zbierka úloh

Guardado en:
Detalles Bibliográficos
Autor principal: Sekerová, Viera
Autor Corporativo: Vysoká škola ekonomická v Bratislave. Fakulta riadenia
Formato: Libro
Lenguaje:eslovaco
Publicado: Bratislava VŠE 1990
Etiquetas: Agregar Etiqueta
Sin Etiquetas, Sea el primero en etiquetar este registro!

MARC

LEADER 00000nam a2200000 4500
001 c028477
005 20260325073925.0
041 0 |a slo 
044 |a SK 
245 1 0 |a Matematika 1  |b zbierka úloh  |c Viera Sekerová a kol. 
264 1 |a Bratislava  |b VŠE  |c 1990 
300 |a 292 s. 
100 1 |a Sekerová, Viera 
710 2 |a Vysoká škola ekonomická v Bratislave. Fakulta riadenia